000 00314 a2200145 4500
001 15660
020 _a9788526016019
040 _cAnchieta - Bela Vista
100 _aFrança, Mary
240 1 0 _aTodas as letras
_lpor
245 1 0 _aTodas as letras
300 _a61
650 4 _aLiteratura infantil
942 _cBK
999 _c15660
_d15660